000 00456nam a22001937a 4500
003 LK-CoDNM
005 20250106103537.0
008 250106b |||||||| |||| 00| 0 eng d
040 _aLK-CoDNM
_dLK-CoDNM
_eLK-CoDNM
041 _aeng
080 _a3
_bT13
100 _aPastaur,M.L
245 _aEtudes sur la Maladie des vers a soie
260 _aParis
_c1870
300 _a327p ; 23cm
490 _vVolumeII
650 _aScience
942 _cBK
999 _c234964
_d234964